<?xml version="1.0" encoding="UTF-8"?>
<record
    xmlns:xsi="http://www.w3.org/2001/XMLSchema-instance"
    xsi:schemaLocation="http://www.loc.gov/MARC21/slim http://www.loc.gov/standards/marcxml/schema/MARC21slim.xsd"
    xmlns="http://www.loc.gov/MARC21/slim">

  <leader>00744nam a2200241Ia 4500</leader>
  <controlfield tag="003">OSt</controlfield>
  <controlfield tag="005">20191211062520.0</controlfield>
  <controlfield tag="008">180305s2008||||pe aaaafr|||||||0 ||spa|d</controlfield>
  <datafield tag="040" ind1=" " ind2=" ">
    <subfield code="a">peliigp</subfield>
    <subfield code="b">espa&#xF1;ol</subfield>
    <subfield code="c">peliigp</subfield>
  </datafield>
  <datafield tag="041" ind1=" " ind2=" ">
    <subfield code="a">spa</subfield>
  </datafield>
  <datafield tag="082" ind1="0" ind2="4">
    <subfield code="2">21</subfield>
    <subfield code="a">R/353.95/I5/2008</subfield>
  </datafield>
  <datafield tag="110" ind1="2" ind2=" ">
    <subfield code="a">Instituto Nacional de Defensa Civil (INDECI)</subfield>
    <subfield code="9">1437</subfield>
  </datafield>
  <datafield tag="245" ind1="1" ind2="0">
    <subfield code="a">Compendio estad&#xED;stico de prevenci&#xF3;n y atenci&#xF3;n de desastres 2007</subfield>
  </datafield>
  <datafield tag="260" ind1=" " ind2=" ">
    <subfield code="a">Lima:</subfield>
    <subfield code="b">INDECI,</subfield>
    <subfield code="c">2010.</subfield>
  </datafield>
  <datafield tag="300" ind1=" " ind2=" ">
    <subfield code="a">615 p&#xE1;ginas:</subfield>
    <subfield code="b">ilustraciones; </subfield>
    <subfield code="c">29 cm.</subfield>
  </datafield>
  <datafield tag="500" ind1=" " ind2=" ">
    <subfield code="a">Incluye glosario de t&#xE9;rminos.</subfield>
  </datafield>
  <datafield tag="650" ind1="1" ind2="4">
    <subfield code="9">136</subfield>
    <subfield code="a">DESASTRES NATURALES</subfield>
  </datafield>
  <datafield tag="650" ind1="2" ind2="4">
    <subfield code="9">645</subfield>
    <subfield code="a">PREVENCI&#xD3;N DE DESASTRES</subfield>
  </datafield>
  <datafield tag="650" ind1="2" ind2="4">
    <subfield code="9">1438</subfield>
    <subfield code="a">DATOS ESTAD&#xCD;STICOS</subfield>
  </datafield>
  <datafield tag="651" ind1=" " ind2="4">
    <subfield code="9">15</subfield>
    <subfield code="a">PER&#xDA;</subfield>
  </datafield>
  <datafield tag="910" ind1=" " ind2=" ">
    <subfield code="a">phc</subfield>
  </datafield>
  <datafield tag="942" ind1=" " ind2=" ">
    <subfield code="c">REF</subfield>
    <subfield code="2">ddc</subfield>
  </datafield>
  <datafield tag="999" ind1=" " ind2=" ">
    <subfield code="c">12429</subfield>
    <subfield code="d">12429</subfield>
  </datafield>
  <datafield tag="952" ind1=" " ind2=" ">
    <subfield code="0">0</subfield>
    <subfield code="1">0</subfield>
    <subfield code="2">ddc</subfield>
    <subfield code="4">0</subfield>
    <subfield code="7">0</subfield>
    <subfield code="8">Referencia</subfield>
    <subfield code="a">1</subfield>
    <subfield code="b">1</subfield>
    <subfield code="d">2019-06-12</subfield>
    <subfield code="l">0</subfield>
    <subfield code="o">R/353.95/I5/2008</subfield>
    <subfield code="p">0000394</subfield>
    <subfield code="r">2019-06-12 00:00:00</subfield>
    <subfield code="t">1</subfield>
    <subfield code="w">2019-06-12</subfield>
    <subfield code="y">REF</subfield>
  </datafield>
</record>
